Deutsche Landkreise und kreisfreie Städte nach Buchstabe - V - Statistiken

Allgemein
  • Dieses Quiz wurde 146 mal gespielt
  • Das Durchschnittsergebnis liegt bei 6 aus 8
Antwortstatistiken
Bundesland Kreis % Korrekt
Niedersachsen Vechta
92%
Nordrhein-Westfalen Viersen
87%
Sachsen Vogtlandkreis
85%
Niedersachsen Verden
81%
Hessen Vogelsbergkreis
80%
Mecklenburg-Vorpommern Vorpommern-Greifswald
75%
Mecklenburg-Vorpommern Vorpommern-Rügen
75%
Rheinland-Pfalz Vulkaneifel
72%
Keine übereinstimmenden Quizze gefunden
Verteilung der Resultate
Anzahl Personen mit jedem Resultat
Perzentil nach korrekt beantworteten Fragen
Ihre Resultats-Entwicklung
Sie haben dieses Quiz noch nicht gespielt